| 000 | 00690nam a22001935i 4500 | ||
|---|---|---|---|
| 001 | 53912 | ||
| 003 | ES-MaACL | ||
| 005 | 20230929062527.0 | ||
| 007 | t| | ||
| 008 | 940202s1857 sp ||||1| spa d | ||
| 040 |
_aAS _bspa |
||
| 100 | 1 |
_aFernández de Velasco, Bernardino. _949719 |
|
| 245 | 1 | 0 |
_aObras poéticas del Excmo. Señor D. Bernardino Fernández de Velasco, duque de Frías / _cpublicadas a expensas de sus herederos por la Real Academia Española. |
| 260 |
_aMadrid : _b[s.n.], _c1857 ( _fImprenta y estereotipia de M. Rivadeneyra) |
||
| 300 |
_aLIII, 306 p. ; _c29 cm. |
||
| 710 | 2 |
_aReal Academia Española _96336 |
|
| 852 |
_aES-MaACL _jF-2630 |
||
| 999 |
_c53912 _d53912 |
||